A law enforcement guide on international parental kidnapping.

Bibliographic Details
Format: Government Document eBook
Language:English
Published: Washington, DC : U.S. Department of Justice, Office of Justice Programs, Office of Juvenile Justice and Delinquency Prevention, 2018.
Subjects:
Online Access:https://purl.fdlp.gov/GPO/gpo106764

MARC

Tag First Indicator Second Indicator Subfields
LEADER 00000cam a2200000 i 4500
001 in00004005621
005 20181030094838.0
006 m o d f
007 cr mn|||||||||
008 180731s2018 dcua ob f000 0 eng c
035 |a (OCoLC)on1046679434 
042 |a pcc 
043 |a n-us--- 
040 |a GPO  |b eng  |e rda  |e pn  |c GPO  |d MvI 
049 |a WWW 
074 |a 0718-A-06 (online) 
086 0 |a J 32.8:P 21/3/2018 
245 0 2 |a A law enforcement guide on international parental kidnapping. 
246 3 0 |a International parental kidnapping 
264 1 |a Washington, DC :  |b U.S. Department of Justice, Office of Justice Programs, Office of Juvenile Justice and Delinquency Prevention,  |c 2018. 
300 |a 1 online resource (viii, 85 pages) :  |b color illustrations 
336 |a text  |b txt  |2 rdacontent 
337 |a computer  |b c  |2 rdamedia 
338 |a online resource  |b cr  |2 rdacarrier 
500 |a "July 2018." 
500 |a "NCJ 250606." 
504 |a Includes bibliographical references (page 77). 
650 0 |a Kidnapping  |x Investigation  |z United States. 
650 0 |a Parental kidnapping  |z United States. 
650 0 |a Custody of children  |z United States  |x International cooperation. 
710 1 |a United States.  |b Office of Juvenile Justice and Delinquency Prevention,  |e issuing body. 
856 4 0 |u https://purl.fdlp.gov/GPO/gpo106764  |t 0 
999 f f |s b844654d-e259-3f03-b423-092df0cfa705  |i 3ea5860a-96ab-330e-b965-e74091044653  |t 0 
952 f f |a Texas A&M University  |b College Station  |c Electronic Resources  |d Available Online  |t 0  |e J 32.8:P 21/3/2018  |h Superintendent of Documents classification 
998 f f |a J 32.8:P 21/3/2018  |t 0  |l Available Online